[Event "Zuerich op-B 36th"]
[Site "Zuerich"]
[Date "2012.12.30"]
[Round "7"]
[White "Frei, Alexander"]
[Black "Sierra, Robin"]
[Result "1-0"]
[WhiteElo "1637"]
[BlackElo "1903"]
[PlyCount "31"]
[EventDate "2012.12.26"]
[EventType "swiss"]
[EventRounds "7"]
[EventCountry "SUI"]
[SourceTitle "EXT 2019"]
[Source "ChessBase"]
[SourceDate "2018.10.10"]
[SourceVersion "1"]
[SourceVersionDate "2018.10.10"]
[SourceQuality "1"]

1. e4 c5 2. Nc3 Nc6 3. f4 g6 4. Nf3 Bg7 5. Bc4 d6 6. d3 Nf6 7. 0-0 0-0 8. f5 gxf5 9. Qe1 fxe4 10. dxe4 Ne5 11. Nxe5 dxe5 12. Be3 Ng4 13. Rd1 Qa5 14. Bg5 Bf6 15. Qh4 Qb6 16. Nd5 1-0